000 00555nam a2200181Ia 4500
008 090124s9999 xx 000 0 und d
082 _b33124
100 _aशब्दगंध कवीमंडळ
245 _a अंकुर
250 _a0
260 _b"शब्दगंध कविमंडळ ,बेळगाव"
_c1995
300 _a72
600 _aशब्दगंध कवीमंडळ
630 _a अंकुर
700 _aशब्दगंध कवीमंडळ
730 _a अंकुर
942 _cBOOK
999 _c99040
_d99040